[Event "Titled Tuesday intern op 24th Sep Early"]
[Site "Chess.com INT"]
[Date "2024.09.24"]
[Round "8"]
[White "Bambino Filho, Antonio Carlos"]
[Black "Ponomarev, Dmitry"]
[Result "1/2-1/2"]
[WhiteElo "2168"]
[BlackElo "2417"]
[PlyCount "182"]
[EventDate "2024.09.24"]
[EventType "swiss (blitz)"]
[EventRounds "11"]
[EventCountry "USA"]
[SourceTitle "EXT 2025"]
[Source "ChessBase"]
[SourceDate "2024.10.14"]
[SourceVersion "1"]
[SourceVersionDate "2024.10.14"]
[SourceQuality "1"]

1. d4 d5 2. c4 c6 3. Nf3 Nf6 4. e3 a6 5. Nc3 Bf5 6. a4 e6 7. Qb3 Ra7 8. a5 Nbd7 9. Be2 Bd6 10. 0-0 0-0 11. Bd2 h6 12. Rfd1 Ne4 13. Be1 Nxc3 14. bxc3 Nf6 15. cxd5 exd5 16. c4 Be6 17. Ne5 dxc4 18. Bxc4 Bxc4 19. Nxc4 Bc7 20. Bb4 Re8 21. Bc5 Ra8 22. Qxb7 Ng4 23. g3 Qf6 24. Rd2 Qe6 25. Qxc7 Qxc4 26. Qxc6 Rac8 27. Qf3 Nf6 28. Rdd1 Ne4 29. Rdc1 Qb5 30. h4 Nxc5 31. dxc5 Rxc5 32. Rxc5 Qxc5 33. Qb7 Qc3 34. Rd1 Qxa5 35. Rd7 Qa1+ 36. Kg2 Qf6 37. Rc7 a5 38. Qc6 Qxc6+ 39. Rxc6 Ra8 40. Rc3 a4 41. Ra3 Kf8 42. Kf3 Ke7 43. Ke4 Kd6 44. Kd4 f5 45. h5 Ra7 46. Kc4 Ke5 47. f3 Kf6 48. Kd5 Kg5 49. Ke6 Kxh5 50. Kxf5 g6+ 51. Kf4 g5+ 52. Kf5 Ra5+ 53. Ke4 g4 54. f4 Kg6 55. Kd4 h5 56. e4 h4 57. gxh4 Kh5 58. e5 Kxh4 59. e6 Ra8 60. f5 Kg5 61. Ke5 Ra5+ 62. Kd6 Kxf5 63. e7 Ra6+ 64. Kd7 Ra7+ 65. Kd6 Ra8 66. Rxa4 Rxa4 67. e8Q Rd4+ 68. Kc5 Re4 69. Qf8+ Kg5 70. Kd5 Rf4 71. Qh8 Rf5+ 72. Ke4 Rf4+ 73. Ke3 Rf3+ 74. Ke2 Kf4 75. Qh2+ Kg5 76. Qe5+ Kh4 77. Qh2+ Kg5 78. Qh1 Kf5 79. Qh5+ Kf4 80. Qh1 Kg5 81. Qh2 Kf5 82. Kd2 Kg5 83. Ke1 Kf5 84. Qh5+ Kf4 85. Qh2+ Kg5 86. Qc2 Kh4 87. Qh2+ Kg5 88. Qh7 Kf4 89. Qh6+ Kg3 90. Qh1 Kf4 91. Qh2+ Kg5 1/2-1/2

[Event "Titled Tuesday intern op 24th Sep Early"]
[Site "Chess.com INT"]
[Date "2024.09.24"]
[Round "2"]
[White "Ponomarev, Dmitry"]
[Black "Bogaudinov, Rushan"]
[Result "1-0"]
[WhiteElo "2417"]
[BlackElo "1912"]
[PlyCount "133"]
[EventDate "2024.09.24"]
[EventType "swiss (blitz)"]
[EventRounds "11"]
[EventCountry "USA"]
[SourceTitle "EXT 2025"]
[Source "ChessBase"]
[SourceDate "2024.10.14"]
[SourceVersion "1"]
[SourceVersionDate "2024.10.14"]
[SourceQuality "1"]

1. e4 c5 2. Nf3 Nc6 3. d4 cxd4 4. Nxd4 e6 5. Nc3 a6 6. Nxc6 bxc6 7. g3 d5 8. exd5 cxd5 9. Bg2 Nf6 10. 0-0 Be7 11. Ne2 0-0 12. c3 a5 13. h3 Ba6 14. Be3 Rb8 15. Qd2 Qc8 16. Rfc1 a4 17. Nd4 Qb7 18. b4 a3 19. Nb3 Bc4 20. Na5 Qb5 21. Nxc4 Qxc4 22. Bf1 Qc6 23. b5 Qb7 24. c4 dxc4 25. Bxc4 Rfd8 26. Qa5 Nd5 27. Bxd5 Qxd5 28. Rab1 h5 29. Qc7 Bf8 30. Qc6 Qxa2 31. b6 Qd5 32. Qxd5 exd5 33. Bf4 Rb7 34. Bc7 Ra8 35. Ra1 h4 36. gxh4 Be7 37. Ra2 Ra4 38. Rc3 g6 39. Re3 Kf8 40. Kg2 Bc5 41. Rc3 Bxb6 42. Raxa3 Rxa3 43. Bd6+ Kg7 44. Bxa3 d4 45. Rd3 Rd7 46. Kf3 f5 47. Bb2 Kf6 48. Rb3 Bc5 49. Rb5 Rd5 50. Rxc5 Ke5 51. Rxd5+ Kxd5 52. Kf4 Kc4 53. Kg5 d3 54. Bc1 Kc3 55. Kxg6 Kc2 56. Be3 d2 57. Bxd2 Kxd2 58. Kxf5 Ke2 59. h5 Kxf2 60. h6 Kg3 61. h7 Kh4 62. h8Q+ Kg3 63. Qg7+ Kh2 64. h4 Kh3 65. h5 Kh4 66. h6 Kh3 67. h7 1-0

[Event "Titled Tuesday intern op 24th Sep Early"]
[Site "Chess.com INT"]
[Date "2024.09.24"]
[Round "7"]
[White "Ponomarev, Dmitry"]
[Black "Holinka, Henning"]
[Result "0-1"]
[WhiteElo "2417"]
[BlackElo "2284"]
[PlyCount "52"]
[EventDate "2024.09.24"]
[EventType "swiss (blitz)"]
[EventRounds "11"]
[EventCountry "USA"]
[SourceTitle "EXT 2025"]
[Source "ChessBase"]
[SourceDate "2024.10.14"]
[SourceVersion "1"]
[SourceVersionDate "2024.10.14"]
[SourceQuality "1"]

1. e4 g6 2. d4 Bg7 3. c4 d6 4. Nc3 e5 5. d5 f5 6. f3 Nf6 7. Be3 0-0 8. h3 a5 9. Bd3 Na6 10. Nge2 fxe4 11. fxe4 Nh5 12. Bf2 Qg5 13. 0-0 Bxh3 14. g3 Bxf1 15. Qxf1 Rf3 16. Bc2 Raf8 17. Qg2 Rxf2 18. Qxf2 Rxf2 19. Kxf2 Nb4 20. Bb3 Nd3+ 21. Kf3 Qf6+ 22. Ke3 Nc5 23. Kd2 Bh6+ 24. Kc2 Qf3 25. Rd1 Nxe4 26. Nxe4 Qxe4+ 0-1

[Event "Titled Tuesday intern op 24th Sep Early"]
[Site "Chess.com INT"]
[Date "2024.09.24"]
[Round "3"]
[White "Womacka, Mathias"]
[Black "Ponomarev, Dmitry"]
[Result "1-0"]
[WhiteElo "2345"]
[BlackElo "2417"]
[PlyCount "75"]
[EventDate "2024.09.24"]
[EventType "swiss (blitz)"]
[EventRounds "11"]
[EventCountry "USA"]
[SourceTitle "EXT 2025"]
[Source "ChessBase"]
[SourceDate "2024.10.14"]
[SourceVersion "1"]
[SourceVersionDate "2024.10.14"]
[SourceQuality "1"]

1. e4 d5 2. exd5 Qxd5 3. Nc3 Qd6 4. d4 Nf6 5. Nf3 c6 6. Ne5 Nbd7 7. Nc4 Qc7 8. Qf3 Nb6 9. Bf4 Qd7 10. Be5 Qg4 11. Qxg4 Nxg4 12. Bg3 Nf6 13. 0-0-0 Bf5 14. Ne3 Bg6 15. d5 0-0-0 16. dxc6 Rxd1+ 17. Nexd1 bxc6 18. Ba6+ Kd7 19. Ne3 e6 20. Rd1+ Nfd5 21. Ncxd5 exd5 22. c4 Bc5 23. cxd5 Bxe3+ 24. fxe3 cxd5 25. Be5 f6 26. Bd4 Ke6 27. b3 Nd7 28. Kb2 Ne5 29. a4 Be4 30. g3 Nc6 31. Rc1 Nb4 32. Bc8+ Kf7 33. Rc7+ Kg6 34. Bxa7 Nd3+ 35. Kc3 Ne5 36. Bd4 Nf3 37. a5 Nxh2 38. a6 1-0

[Event "Titled Tuesday intern op 03rd Sep Early"]
[Site "Chess.com INT"]
[Date "2024.09.03"]
[Round "3"]
[White "Dumanuly, Sultanbeibarys"]
[Black "Ponomarev, Dmitry"]
[Result "1-0"]
[WhiteElo "2081"]
[BlackElo "2417"]
[PlyCount "85"]
[EventDate "2024.09.03"]
[EventType "swiss (blitz)"]
[EventRounds "11"]
[EventCountry "USA"]
[SourceTitle "EXT 2025"]
[Source "ChessBase"]
[SourceDate "2024.10.14"]
[SourceVersion "1"]
[SourceVersionDate "2024.10.14"]
[SourceQuality "1"]

1. e4 d5 2. exd5 Qxd5 3. Nc3 Qd8 4. d4 Nf6 5. Nf3 c6 6. Be3 Bf5 7. Bc4 e6 8. 0-0 h6 9. a4 Be7 10. a5 0-0 11. Ne2 Nbd7 12. c3 Nd5 13. h3 Nxe3 14. fxe3 Nf6 15. Ng3 Bh7 16. Qe2 c5 17. Ne5 cxd4 18. exd4 Qc7 19. Nh5 Nxh5 20. Qxh5 Bf6 21. Rxf6 gxf6 22. Ng4 Qxc4 23. Qxh6 Qd3 24. Qxf6 Bg6 25. Rf1 Rad8 26. Qg5 Kh8 27. Qh6+ Bh7 28. Ne5 Qe4 29. Rxf7 Rxf7 30. Nxf7+ Kg8 31. Nxd8 Qb1+ 32. Kh2 Qe4 33. Qg5+ Kf8 34. Qf6+ Ke8 35. Nxe6 Bf5 36. Ng7+ Kd7 37. Nxf5 Qf4+ 38. Kg1 Qc1+ 39. Kf2 Qf4+ 40. Ke2 Qe4+ 41. Ne3 Qb1 42. Qf5+ Qxf5 43. Nxf5 1-0

[Event "Titled Tuesday intern op 03rd Sep Early"]
[Site "Chess.com INT"]
[Date "2024.09.03"]
[Round "1"]
[White "Ponomarev, Dmitry"]
[Black "Glek, Igor Vladimirovich"]
[Result "1-0"]
[WhiteElo "2417"]
[BlackElo "2402"]
[PlyCount "69"]
[EventDate "2024.09.03"]
[EventType "swiss (blitz)"]
[EventRounds "11"]
[EventCountry "USA"]
[SourceTitle "EXT 2025"]
[Source "ChessBase"]
[SourceDate "2024.10.14"]
[SourceVersion "1"]
[SourceVersionDate "2024.10.14"]
[SourceQuality "1"]

1. e4 c5 2. Nf3 a6 3. d4 cxd4 4. Nxd4 Nf6 5. f3 e5 6. Nb3 d5 7. Bg5 dxe4 8. Qxd8+ Kxd8 9. fxe4 Nbd7 10. Nc3 Bb4 11. 0-0-0 Bxc3 12. bxc3 Kc7 13. Bd3 h6 14. Be3 b6 15. Rhg1 Bb7 16. Nd2 Ng4 17. Rde1 Nxe3 18. Rxe3 Nc5 19. Rg3 g6 20. Rf1 Raf8 21. Rgf3 f5 22. R3f2 f4 23. Re1 Rd8 24. Rf3 b5 25. Nb3 Na4 26. c4 b4 27. Rf2 Rd4 28. Nxd4 exd4 29. Rxf4 Nc5 30. Rf7+ Kb8 31. e5 g5 32. e6 Re8 33. e7 Kc7 34. Rf8 Bc6 35. Bg6 1-0

[Event "Titled Tuesday intern op 27th Aug Late"]
[Site "Chess.com INT"]
[Date "2024.08.27"]
[Round "2"]
[White "Ponomarev, Dmitry"]
[Black "Alavkin, Arseny Nailievich"]
[Result "1-0"]
[WhiteElo "2417"]
[BlackElo "2367"]
[PlyCount "81"]
[EventDate "2024.08.27"]
[EventType "swiss (blitz)"]
[EventRounds "11"]
[EventCountry "USA"]
[SourceTitle "EXT 2025"]
[Source "ChessBase"]
[SourceDate "2024.10.14"]
[SourceVersion "1"]
[SourceVersionDate "2024.10.14"]
[SourceQuality "1"]

1. e4 c5 2. Nf3 d6 3. d4 cxd4 4. Qxd4 Nc6 5. Bb5 Bd7 6. Bxc6 Bxc6 7. Nc3 Nf6 8. Bg5 e6 9. 0-0-0 Be7 10. h4 h6 11. Bf4 e5 12. Nxe5 dxe5 13. Qxe5 Qc8 14. Nd5 Bxd5 15. exd5 0-0 16. Qxe7 Re8 17. Qa3 Qf5 18. Bg3 Nxd5 19. Qd3 Qxd3 20. Rxd3 Nb4 21. Rb3 a5 22. a3 Nc6 23. Rxb7 Nd4 24. Kb1 Re2 25. c3 Nf5 26. Rd1 Nxg3 27. fxg3 Rxg2 28. Rdd7 Rxg3 29. Rxf7 Rg2 30. c4 Rc8 31. Rfc7 Rf8 32. c5 a4 33. Rb4 Rff2 34. c6 Rc2 35. Rbb7 Rc4 36. Rb4 Rxb4 37. axb4 Rg4 38. b5 Rb4 39. Rb7 g5 40. c7 gxh4 41. c8Q# 1-0

[Event "Titled Tuesday intern op 27th Aug Late"]
[Site "Chess.com INT"]
[Date "2024.08.27"]
[Round "6"]
[White "Ponomarev, Dmitry"]
[Black "Boor, Carl Brandon"]
[Result "0-1"]
[WhiteElo "2417"]
[BlackElo "2231"]
[PlyCount "51"]
[EventDate "2024.08.27"]
[EventType "swiss (blitz)"]
[EventRounds "11"]
[EventCountry "USA"]
[SourceTitle "EXT 2025"]
[Source "ChessBase"]
[SourceDate "2024.10.14"]
[SourceVersion "1"]
[SourceVersionDate "2024.10.14"]
[SourceQuality "1"]

1. e4 c5 2. Nf3 e6 3. c3 d5 4. exd5 Qxd5 5. d4 Nf6 6. Na3 a6 7. Bc4 Qd6 8. dxc5 Qxd1+ 9. Kxd1 Bxc5 10. Be3 Bxe3 11. fxe3 b5 12. Be2 Bb7 13. h3 Ne4 14. Kc2 Ng3 15. Rhe1 Nxe2 16. Rxe2 Nd7 17. Rd1 Ke7 18. Kc1 Rhd8 19. Nc2 Nc5 20. Ncd4 g6 21. Ne1 Rac8 22. Kb1 e5 23. Nef3 Bxf3 24. gxf3 Ne6 25. Nxe6 Rxd1+ 26. Kc2 0-1

[Event "Titled Tuesday intern op 13th Aug Early"]
[Site "Chess.com INT"]
[Date "2024.08.13"]
[Round "2"]
[White "Bogaudinov, Rushan"]
[Black "Ponomarev, Dmitry"]
[Result "0-1"]
[WhiteElo "1912"]
[BlackElo "2417"]
[PlyCount "84"]
[EventDate "2024.08.13"]
[EventType "swiss (blitz)"]
[EventRounds "11"]
[EventCountry "USA"]
[SourceTitle "EXT 2025"]
[Source "ChessBase"]
[SourceDate "2024.10.14"]
[SourceVersion "1"]
[SourceVersionDate "2024.10.14"]
[SourceQuality "1"]

1. d4 d5 2. Nf3 Nf6 3. e3 c5 4. Be2 Nc6 5. 0-0 e6 6. a3 Be7 7. dxc5 Bxc5 8. b4 Be7 9. Bb2 0-0 10. Nbd2 b6 11. c4 Bb7 12. cxd5 Nxd5 13. Rc1 Bf6 14. Qb3 Bxb2 15. Qxb2 Qf6 16. Qb3 Rfd8 17. Ne4 Qe7 18. Rfd1 h6 19. h3 Nf6 20. Nc3 Rxd1+ 21. Rxd1 Rd8 22. Rc1 Nd5 23. Bb5 Nxc3 24. Qxc3 Rd6 25. e4 e5 26. Bc4 Nd4 27. Qe3 Nxf3+ 28. Qxf3 Rd4 29. Bd5 Bxd5 30. exd5 e4 31. Qf5 g6 32. Qc8+ Kh7 33. Rc7 Qf6 34. Qg4 e3 35. fxe3 Rxg4 36. hxg4 Qe5 37. Rxf7+ Kg8 38. Rxa7 Qxe3+ 39. Kh2 Qe5+ 40. Kh3 Qxd5 41. a4 Qb3+ 42. Kh4 Qxb4 0-1

[Event "Titled Tuesday intern op 13th Aug Early"]
[Site "Chess.com INT"]
[Date "2024.08.13"]
[Round "9"]
[White "Zampronha, Wladimir Camilo"]
[Black "Ponomarev, Dmitry"]
[Result "0-1"]
[WhiteElo "2119"]
[BlackElo "2417"]
[PlyCount "74"]
[EventDate "2024.08.13"]
[EventType "swiss (blitz)"]
[EventRounds "11"]
[EventCountry "USA"]
[SourceTitle "EXT 2025"]
[Source "ChessBase"]
[SourceDate "2024.10.14"]
[SourceVersion "1"]
[SourceVersionDate "2024.10.14"]
[SourceQuality "1"]

1. e4 c5 2. Nf3 e6 3. d4 cxd4 4. Nxd4 a6 5. Nc3 Qc7 6. Bd3 Bb4 7. 0-0 Nf6 8. Be3 Nc6 9. Nxc6 dxc6 10. f4 e5 11. fxe5 Ng4 12. Bf4 Qb6+ 13. Kh1 Nf2+ 14. Rxf2 Qxf2 15. Bg3 Qe3 16. Qh5 Bxc3 17. bxc3 Be6 18. Re1 Qc5 19. Qg5 0-0 20. h4 Qxc3 21. h5 f6 22. exf6 Qxf6 23. Qe3 Bxa2 24. e5 Qe6 25. Qe4 Qh6 26. c4 Qxh5+ 27. Kg1 b5 28. e6 Bxc4 29. e7 Rfe8 30. Bxc4+ bxc4 31. Qxc6 Rac8 32. Qxa6 c3 33. Qa2+ Qf7 34. Qc2 Rxe7 35. Rxe7 Qxe7 36. Qf5 Qc5+ 37. Bf2 Qxf5 0-1

[Event "Titled Tuesday intern op 30th Jul Early"]
[Site "Chess.com INT"]
[Date "2024.07.30"]
[Round "8"]
[White "Montano Vicente, Guadalupe"]
[Black "Ponomarev, Dmitry"]
[Result "1-0"]
[WhiteElo "1991"]
[BlackElo "2417"]
[PlyCount "111"]
[EventDate "2024.07.30"]
[EventType "swiss (blitz)"]
[EventRounds "11"]
[EventCountry "USA"]
[SourceTitle "EXT 2025"]
[Source "ChessBase"]
[SourceDate "2024.10.14"]
[SourceVersion "1"]
[SourceVersionDate "2024.10.14"]
[SourceQuality "1"]

1. d4 Nf6 2. c4 e6 3. Nf3 Bb4+ 4. Bd2 Qe7 5. g3 b6 6. Bg2 Bb7 7. 0-0 Bxd2 8. Qxd2 d6 9. Nc3 Nbd7 10. Rfe1 0-0 11. e4 e5 12. Rad1 a6 13. b4 Rad8 14. a3 Nh5 15. Nd5 Bxd5 16. exd5 g6 17. dxe5 Nxe5 18. Nxe5 dxe5 19. Qe3 Rde8 20. c5 bxc5 21. bxc5 f5 22. d6 cxd6 23. cxd6 Qd8 24. Bc6 f4 25. Qb3+ Kg7 26. Bxe8 Rxe8 27. Qb7+ Kh6 28. d7 Rg8 29. Rxe5 fxg3 30. hxg3 Qf6 31. Re2 Qg5 32. Qf3 Rd8 33. Re8 Ng7 34. Rxd8 Qxd8 35. Qf4+ g5 36. Qd6+ Kh5 37. Qd2 Nf5 38. Qe2+ Kg6 39. Qe6+ Kg7 40. Qxf5 h6 41. Qe5+ Kg8 42. Qe8+ Qxe8 43. dxe8Q+ Kg7 44. Rd7+ Kf6 45. Qe7+ Kf5 46. Qf7+ Ke4 47. Re7+ Kd3 48. Qd5+ Kc3 49. Rc7+ Kb2 50. Qd2+ Kxa3 51. Rc3+ Kb4 52. Qd4+ Kb5 53. Rc5+ Kb6 54. Qd6+ Kb7 55. Rc7+ Ka8 56. Qd8# 1-0

[Event "Titled Tuesday intern op 30th Jul Early"]
[Site "Chess.com INT"]
[Date "2024.07.30"]
[Round "3"]
[White "Ponomarev, Dmitry"]
[Black "Dubnevych, Maksym"]
[Result "0-1"]
[WhiteElo "2417"]
[BlackElo "2283"]
[PlyCount "50"]
[EventDate "2024.07.30"]
[EventType "swiss (blitz)"]
[EventRounds "11"]
[EventCountry "USA"]
[SourceTitle "EXT 2025"]
[Source "ChessBase"]
[SourceDate "2024.10.14"]
[SourceVersion "1"]
[SourceVersionDate "2024.10.14"]
[SourceQuality "1"]

1. e4 e5 2. Nf3 Nc6 3. Bb5 a6 4. Ba4 Bc5 5. c3 Nge7 6. 0-0 0-0 7. d4 b5 8. Bb3 exd4 9. cxd4 Bb6 10. d5 Na5 11. Bc2 d6 12. h3 Ng6 13. Nc3 Nc4 14. b3 Nce5 15. Nd4 Qh4 16. Nf3 Qd8 17. Nd4 Bxh3 18. gxh3 Bxd4 19. Bb2 Qg5+ 20. Kh1 Qh4 21. Kh2 Nf4 22. Qg4 Nxg4+ 23. Kh1 Qxh3+ 24. Kg1 Bxc3 25. Bxc3 Ne2# 0-1

[Event "Titled Tuesday intern op 30th Jul Early"]
[Site "Chess.com INT"]
[Date "2024.07.30"]
[Round "11"]
[White "Ponomarev, Dmitry"]
[Black "Persson, Richard"]
[Result "1-0"]
[WhiteElo "2417"]
[BlackElo "2106"]
[PlyCount "71"]
[EventDate "2024.07.30"]
[EventType "swiss (blitz)"]
[EventRounds "11"]
[EventCountry "USA"]
[SourceTitle "EXT 2025"]
[Source "ChessBase"]
[SourceDate "2024.10.14"]
[SourceVersion "1"]
[SourceVersionDate "2024.10.14"]
[SourceQuality "1"]

1. e4 c5 2. Nf3 Nc6 3. d4 cxd4 4. Nxd4 Nf6 5. Nc3 e5 6. Ndb5 d6 7. Bg5 a6 8. Na3 b5 9. Nd5 Be7 10. Bxf6 Bxf6 11. c3 Rb8 12. Nc2 0-0 13. h4 Be6 14. g3 Bxd5 15. exd5 Ne7 16. Ne3 b4 17. Bh3 e4 18. 0-0 bxc3 19. bxc3 Bxc3 20. Rb1 Qa5 21. Qc2 f5 22. Bxf5 Nxf5 23. Rxb8 Rxb8 24. Nxf5 Be5 25. Ne7+ Kf7 26. Nc6 Qc7 27. Qxe4 Rb2 28. Qxh7 Qb6 29. Qf5+ Kg8 30. Kg2 Qc7 31. h5 Rxa2 32. Qe6+ Qf7 33. Ne7+ Kf8 34. Ng6+ Kg8 35. Qc8+ Kh7 36. Qh8# 1-0

[Event "Titled Tuesday intern op 30th Jul Early"]
[Site "Chess.com INT"]
[Date "2024.07.30"]
[Round "1"]
[White "Ponomarev, Dmitry"]
[Black "Rakhmanov, Alexander"]
[Result "0-1"]
[WhiteElo "2417"]
[BlackElo "2596"]
[PlyCount "52"]
[EventDate "2024.07.30"]
[EventType "swiss (blitz)"]
[EventRounds "11"]
[EventCountry "USA"]
[SourceTitle "EXT 2025"]
[Source "ChessBase"]
[SourceDate "2024.10.14"]
[SourceVersion "1"]
[SourceVersionDate "2024.10.14"]
[SourceQuality "1"]

1. e4 c5 2. Nf3 Nf6 3. d4 Nxe4 4. Bd3 d5 5. c4 Qa5+ 6. Nbd2 cxd4 7. Nxd4 Nxd2 8. Bxd2 Qb6 9. Bc3 dxc4 10. Bxc4 e6 11. 0-0 a6 12. Re1 Nc6 13. Qg4 Nxd4 14. Bxd4 Qb4 15. Bc3 Qc5 16. Rad1 Bd7 17. Rxd7 Kxd7 18. Bxe6+ fxe6 19. Qxe6+ Kc7 20. Qf7+ Kb6 21. Qb3+ Ka7 22. Re4 Rd8 23. g3 Be7 24. Rc4 Qd5 25. Bd4+ Kb8 26. Qd3 Bf6 0-1

[Event "Titled Tuesday intern op 23rd Jul Early"]
[Site "Chess.com INT"]
[Date "2024.07.23"]
[Round "4"]
[White "Asish, Panda"]
[Black "Ponomarev, Dmitry"]
[Result "1-0"]
[WhiteElo "1911"]
[BlackElo "2417"]
[PlyCount "138"]
[EventDate "2024.07.23"]
[EventType "swiss (blitz)"]
[EventRounds "11"]
[EventCountry "USA"]
[SourceTitle "EXT 2025"]
[Source "ChessBase"]
[SourceDate "2024.10.14"]
[SourceVersion "1"]
[SourceVersionDate "2024.10.14"]
[SourceQuality "1"]

1. e4 d5 2. exd5 Qxd5 3. Nf3 Bg4 4. Be2 Nc6 5. c3 0-0-0 6. 0-0 e5 7. h3 Bh5 8. d4 exd4 9. cxd4 Nxd4 10. Nxd4 Bxe2 11. Qxe2 Qxd4 12. Nc3 Bd6 13. Nb5 Qe5 14. Nxd6+ Qxd6 15. Be3 Nf6 16. Bxa7 Rhe8 17. Be3 Nd5 18. Rfd1 Qe6 19. Rd3 Nxe3 20. Rxe3 Qd7 21. Re1 Rxe3 22. Qxe3 f6 23. Qa7 c6 24. g3 Qd6 25. a4 g5 26. a5 Qd3 27. Qb6 Qd4 28. Qb3 Qd5 29. Qa3 Qd6 30. Qa1 Kb8 31. a6 b6 32. Rc1 Ka7 33. b3 c5 34. Re1 Qd4 35. Re7+ Ka8 36. Qe1 Qd6 37. Kg2 Qd5+ 38. Kh2 Qxb3 39. Re6 Qd5 40. Re8 Ka7 41. Re7+ Kxa6 42. Qa1+ Kb5 43. Re1 Kc6 44. Rb1 Kc7 45. Qa7+ Qb7 46. Qa2 Qc6 47. Re1 Rd7 48. Qg8 Qb7 49. Re8 Kc6 50. Qa2 Kc7 51. Qe2 Qd5 52. Re6 Qd2 53. Qf3 Qd5 54. Qxf6 g4 55. hxg4 Qd2 56. Re5 Qd6 57. Re6 Qd2 58. Rc6+ Kb7 59. Rxb6+ Ka7 60. Ra6+ Kb8 61. Qb6+ Rb7 62. Qf6 Qd3 63. Rd6 Qc4 64. Qd8+ Ka7 65. Rd3 Qb5 66. Ra3+ Qa6 67. Rxa6+ Kxa6 68. Qd5 Kb5 69. Qxb7+ Kc4 1-0

[Event "Titled Tuesday intern op 23rd Jul Early"]
[Site "Chess.com INT"]
[Date "2024.07.23"]
[Round "10"]
[White "Ponomarev, Dmitry"]
[Black "Pahomov, Ruslan"]
[Result "1-0"]
[WhiteElo "2417"]
[BlackElo "2191"]
[PlyCount "111"]
[EventDate "2024.07.23"]
[EventType "swiss (blitz)"]
[EventRounds "11"]
[EventCountry "USA"]
[SourceTitle "EXT 2025"]
[Source "ChessBase"]
[SourceDate "2024.10.14"]
[SourceVersion "1"]
[SourceVersionDate "2024.10.14"]
[SourceQuality "1"]

1. e4 e5 2. Nf3 Nc6 3. Bc4 Nf6 4. d3 Bc5 5. 0-0 d6 6. c3 a5 7. d4 Bb6 8. dxe5 Nxe5 9. Nxe5 dxe5 10. Qxd8+ Kxd8 11. Bg5 Ke7 12. Nd2 h6 13. Bh4 g5 14. Bg3 Nd7 15. Bb3 f6 16. Nc4 a4 17. Bc2 Ba7 18. Bxa4 Bxf2+ 19. Rxf2 Rxa4 20. Ne3 Nc5 21. Nd5+ Kd8 22. Rd1 Rxe4 23. Nxf6+ Ke7 24. Nxe4 Nxe4 25. Re2 Bg4 26. Rxe4 Bxd1 27. Rxe5+ Kf7 28. Rd5 Bg4 29. Bxc7 Re8 30. Re5 Rxe5 31. Bxe5 Bf5 32. Kf2 Ke6 33. Bd4 h5 34. Ke3 Bb1 35. a3 Ba2 36. g3 b5 37. Kd3 Bc4+ 38. Kc2 Bf1 39. b3 g4 40. a4 bxa4 41. bxa4 Kd5 42. Kb3 Kc6 43. Kb4 Ba6 44. c4 Bc8 45. a5 Ba6 46. Kc3 Bc8 47. Bb6 Ba6 48. Kd4 Kd6 49. c5+ Kc6 50. Ke5 Bc4 51. Kf6 Bd5 52. Kg6 Bf3 53. Kxh5 Be2 54. Kh4 Bf3 55. h3 gxh3 56. Kxh3 1-0

[Event "Titled Tuesday intern op 16th Jul Late"]
[Site "Chess.com INT"]
[Date "2024.07.16"]
[Round "8"]
[White "Ponomarev, Dmitry"]
[Black "Exposito Milan, Adrian"]
[Result "0-1"]
[WhiteElo "2417"]
[BlackElo "2276"]
[PlyCount "146"]
[EventDate "2024.07.16"]
[EventType "swiss (blitz)"]
[EventRounds "11"]
[EventCountry "USA"]
[SourceTitle "EXT 2025"]
[Source "ChessBase"]
[SourceDate "2024.10.14"]
[SourceVersion "1"]
[SourceVersionDate "2024.10.14"]
[SourceQuality "1"]

1. e4 c5 2. Nf3 g6 3. d4 cxd4 4. Nxd4 Nc6 5. Nc3 Bg7 6. Be3 Nf6 7. Nxc6 bxc6 8. e5 Ng8 9. Bd4 Nh6 10. f4 0-0 11. Bd3 d6 12. Qe2 c5 13. Bf2 Ng4 14. Bg3 Rb8 15. Nd1 h5 16. h3 Nh6 17. 0-0 Nf5 18. Bxf5 Bxf5 19. c3 Qb6 20. Kh2 dxe5 21. fxe5 Rfd8 22. e6 Bd3 23. Qf2 f5 24. Re1 Rbc8 25. Bf4 Rc6 26. Qe3 c4 27. Qxb6 Rxb6 28. Be5 Rxe6 29. Bg3 Rxe1 30. Bxe1 Be5+ 31. Kg1 Rb8 32. Bf2 a5 33. Bc5 Kf7 34. Ba3 Bd6 35. Bxd6 exd6 36. a4 d5 37. Kf2 Re8 38. Ne3 Be4 39. Rd1 Ke6 40. g3 Rb8 41. Rd2 g5 42. Nd1 f4 43. gxf4 Rf8 44. Kg3 Rxf4 45. Nf2 Rf3+ 46. Kh2 Bf5 47. Kg1 Bxh3 48. Re2+ Kd6 49. Rd2 g4 50. Ne4+ Kc6 51. Ng5 Rg3+ 52. Kh2 Rd3 53. Rf2 h4 54. Rf6+ Kc5 55. Rf2 Bf1 56. Rxf1 Rd2+ 57. Kg1 g3 58. Nf3 Rxb2 59. Nd4 Ra2 60. Ne6+ Kc6 61. Nd4+ Kd6 62. Nb5+ Kc5 63. Nd4 Rxa4 64. Ne6+ Kd6 65. Nd4 Ke5 66. Re1+ Kf4 67. Ne6+ Kg4 68. Nd4 Ra2 69. Ne6 h3 70. Nd4 h2+ 71. Kh1 Kh3 72. Re2 Ra1+ 73. Re1 Rxe1# 0-1

[Event "Titled Tuesday intern op 09th Jul Early"]
[Site "Chess.com INT"]
[Date "2024.07.09"]
[Round "11"]
[White "Fierz, Martin"]
[Black "Ponomarev, Dmitry"]
[Result "1-0"]
[WhiteElo "2349"]
[BlackElo "2417"]
[PlyCount "105"]
[EventDate "2024.07.09"]
[EventType "swiss (blitz)"]
[EventRounds "11"]
[EventCountry "USA"]
[SourceTitle "EXT 2025"]
[Source "ChessBase"]
[SourceDate "2024.10.14"]
[SourceVersion "1"]
[SourceVersionDate "2024.10.14"]
[SourceQuality "1"]

1. e4 d5 2. exd5 Qxd5 3. Nc3 Qd6 4. d4 Nf6 5. Bc4 a6 6. Nge2 b5 7. Bf4 Bb7 8. Bxd6 cxd6 9. Bb3 Bxg2 10. Rg1 Bb7 11. Ng3 g6 12. Qd2 Nc6 13. Nd5 Nxd5 14. Bxd5 e6 15. Bxc6+ Bxc6 16. 0-0-0 Bb7 17. h4 h5 18. Kb1 Be7 19. Qf4 Bd5 20. Ne4 Bxe4 21. Qxe4 d5 22. Qf4 Rc8 23. Rg3 Rf8 24. Rf3 Kd7 25. Rdd3 Bb4 26. a3 Bd6 27. Qd2 Be7 28. Rh3 Rc4 29. Qa5 Rc6 30. Rc3 Rfc8 31. Rxc6 Rxc6 32. Rc3 Rxc3 33. bxc3 Bxh4 34. Qxa6 Bxf2 35. Qxb5+ Ke7 36. Qe2 Bg3 37. a4 Bc7 38. Kb2 h4 39. Qg4 Bg3 40. Kb3 Kd6 41. Kb4 Kc6 42. c4 dxc4 43. Kxc4 f5 44. Qxg6 Kd6 45. a5 Be1 46. a6 h3 47. a7 h2 48. a8Q Bb4 49. Qd5+ Kc7 50. Qgxe6 f4 51. Kxb4 f3 52. Qdd7+ Kb8 53. Qee8# 1-0

[Event "Titled Tuesday intern op 09th Jul Early"]
[Site "Chess.com INT"]
[Date "2024.07.09"]
[Round "5"]
[White "Gallegos, Carlos"]
[Black "Ponomarev, Dmitry"]
[Result "1-0"]
[WhiteElo "2374"]
[BlackElo "2417"]
[PlyCount "67"]
[EventDate "2024.07.09"]
[EventType "swiss (blitz)"]
[EventRounds "11"]
[EventCountry "USA"]
[SourceTitle "EXT 2025"]
[Source "ChessBase"]
[SourceDate "2024.10.14"]
[SourceVersion "1"]
[SourceVersionDate "2024.10.14"]
[SourceQuality "1"]

1. e4 c5 2. Nf3 e6 3. d3 d5 4. Nbd2 Nc6 5. Be2 Nf6 6. 0-0 Be7 7. Re1 0-0 8. c3 Qc7 9. a3 b6 10. b4 Bb7 11. Bb2 Rac8 12. Bf1 Rfd8 13. Qb3 d4 14. cxd4 Nxd4 15. Nxd4 cxd4 16. Rac1 Qd7 17. Nf3 Rxc1 18. Rxc1 Ba6 19. Ne5 Qe8 20. Nc6 Rd7 21. Bxd4 Bb5 22. Nxe7+ Qxe7 23. Bb2 h6 24. h3 e5 25. a4 Ba6 26. b5 Bb7 27. Ba3 Qd8 28. Qb2 Rd4 29. Bb4 Nh5 30. Bc3 Rxa4 31. Bxe5 Nf6 32. Rc7 Bc8 33. Qc2 Be6 34. Qxa4 1-0